आंतरराष्ट्रीय संबंध / (Record no. 68025)
[ view plain ]
| 000 -LEADER | |
|---|---|
| fixed length control field | 00949nam a22002057a 4500 |
| 005 - DATE AND TIME OF LATEST TRANSACTION | |
| control field | 20120614170415.0 |
| 008 - FIXED-LENGTH DATA ELEMENTS--GENERAL INFORMATION | |
| fixed length control field | 081007t xxu||||| |||| 00| 0 mar |
| 010 ## - LCCN (DPL NO) | |
| LC control number | MAR-22217 |
| 020 ## - INTERNATIONAL STANDARD BOOK NUMBER | |
| Terms of availability | 275.00 |
| 035 ## - SYSTEM CONTROL NUMBER | |
| System control number | MR-14875 |
| 037 ## - SOURCE OF ACQUISITION | |
| Source of stock number/acquisition | D.B.Act /pub |
| 082 ## - DEWEY DECIMAL CLASSIFICATION NUMBER | |
| Classification number | 327 |
| 100 ## - MAIN ENTRY--PERSONAL NAME | |
| Personal name | पेंडसे, अरुणा |
| 9 (RLIN) | 49115 |
| 245 ## - TITLE STATEMENT | |
| Title | आंतरराष्ट्रीय संबंध / |
| Statement of responsibility, etc | अरुणा पेंडसे [तथा] उत्तरा सहस्त्रबुद्धे |
| 246 ## - VARYING FORM OF TITLE | |
| Title proper/short title | Vastuguru |
| Remainder of title | by Abhishek Algikar |
| 260 ## - PUBLICATION, DISTRIBUTION, ETC. (IMPRINT) | |
| Place of publication, distribution, etc | सोलापूर |
| Name of publisher, distributor, etc | श्रद्धा प्रकाशन |
| Date of publication, distribution, etc | 2011 |
| 270 ## - ADDRESS | |
| Address | 'वास्तुशुभा ',प्लॉ.नं.5,स्मृती विहार पार्क,विजापुर रोड, |
| City | सोलापूर |
| Postal code | -4 |
| 300 ## - PHYSICAL DESCRIPTION | |
| Extent | 384पृ |
| Dimensions | 22सेमी (अजिल्द) |
| 942 ## - ADDED ENTRY ELEMENTS (KOHA) | |
| Source of classification or shelving scheme | Dewey Decimal Classification |
| Item type | Marathi Books |
| Call number suffix | अलगी |
| Classification part | 133.5869 |
No items available.
